01397 a2200181 45000010006000000050017000060080041000230030015000640400040000790800149001192450051002680200022003192640106003413000023004475050578004701000028010488560139010761820820260407155459.0260407a2010 arg spa dAR-UNSa-BCEJYS aAR-UNSa-BCEJYSbspacAR-UNSa-BCEJYS a340.12xTendencias en la teoría del derecho. Escuelas, doctrinas jurídicas. Filosofía del derecho. Teorías sobre el Estado y el derecho 10aEnsayos jurídicos sobre teoría del derecho a978-987-03-1707-4 1aBuenos Aires :bUniversidad de Buenos Aires. Facultad de Derecho. Departamento de Publicacionesc2010 axx, 228 p.c24 cm. a1. Diagnóstico de la eficacia del derecho en Colombia - 2. Nuevos paradigmas científicos y su incidencia en la investigación jurídica - 3. Una aproximación histórico-filosófica al pensamiento de David Hume: sus ideas acerca de la justicia, la propiedad y lo judicial - 4. El culto a la muerte y al fuego como un referente comprensivo de la cultura y del derecho: análisis de un ejemplo; 5. Buscando el gris entre dos teorías del derecho; 6. Recepción crítica (y parcial) de la concepción sobre sistema jurídico y razón práctica de Robert Alexy1 aBotero Bernal, Andrés41uhttps://biblioeco.unsa.edu.ar/pmb/images/libros/Ensayos Juridicos sobre teoria del derecho2-l117904.jpgyImagen de portadaqimage/jpeg